00471nam a2200157Ia 4500008004100000020001500041082001600056100003600072245004400108250000700152260003500159300002900194500001900223600002100242650005000263240925s9999 xx 000 0 und d a002388620X a005.133 NYH aNyhoff, Larry; Leestma, Sanford 0aFortran 77 for Engineers and Scientists aNA aToronto:bMc Graw-Hillc,1985. axxii,394p.bNAfOriginal aIncludes Index aComputer Science aComputer science, information & general works